Statistics for Philadelphia 76ers: Most 3-PT FGs Each Year

Click here to take the quiz!

General Stats

  • This quiz has been taken 47 times
    (6 since last reset)
  • The average score is 18 of 41

Answer Stats

YearPlayer3-PT FGs% Correct
1999-2000Allen Iverson89
100%
1996-1997Allen Iverson155
100%
2018-2019J.J. Redick240
100%
2002-2003Allen Iverson84
100%
2001-2002Allen Iverson78
100%
2000-2001Allen Iverson98
100%
1998-1999Allen Iverson58
100%
1997-1998Allen Iverson70
100%
2009-2010Andre Iguodala94
83%
2008-2009Andre Iguodala80
83%
2007-2008Andre Iguodala101
83%
2006-2007Kyle Korver132
50%
2005-2006Kyle Korver184
50%
2004-2005Kyle Korver226
50%
2003-2004Kyle Korver81
50%
2014-2015Robert Covington167
50%
2016-2017Robert Covington137
50%
2017-2018Robert Covington203
50%
1992-1993Hersey Hawkins122
50%
1991-1992Hersey Hawkins91
50%
1990-1991Hersey Hawkins108
50%
1989-1990Hersey Hawkins84
50%
1988-1989Hersey Hawkins71
50%
1985-1986Charles Barkley17
33%
2015-2016Isaiah Canaan176
33%
1980-1981Andrew Toney9
17%
1986-1987Andrew Toney22
17%
1984-1985Andrew Toney39
17%
1983-1984Andrew Toney12
17%
1982-1983Andrew Toney22
17%
1981-1982Andrew Toney25
17%
2013-2014James Anderson115
0%
1979-1980Henry Bibby11
0%
2012-2013Dorell Wright135
0%
2011-2012Jodie Meeks97
0%
2010-2011Jodie Meeks138
0%
1995-1996Vernon Maxwell146
0%
1994-1995Dana Barros197
0%
1993-1994Dana Barros135
0%
1987-1988Gerald Henderson67
0%
2019-2020Furkan Korkmaz143
0%

Score Distribution

Percentile by Number Answered

Percent of People with Each Score

Your Score History

You have not taken this quiz since the last reset